000 01417cam a22002054a 4500
005 20250605164331.0
008 250528s ||||||||||||||||||||||||d
035 _a23245
020 _a9789609427753
040 _aGR-AtMCL
_bgre
_dGR-AtMCL
_eAACR2
245 1 _aΜηχανική Ρευστών με Εφαρμογές
260 _bGotsis,
_c2018
300 _a352
520 _aΤο παρόν βιβλίο πραγματεύεται την ύλη του μαθήματος Μηχανική των Ρευστών με κύριο σκοπό την παρουσίαση και ανάπτυξη της βασικής θεωρίας του μαθήματος καθώς και την εφαρμογή της στην επίλυση προβλημάτων και εφαρμογών. Εισαγωγή, Βασικές Ιδιότητες των Ρευστών, Στατική των Ρευστών, Κινηματική, Εξίσωση Συνέχειας και Ροϊκή Συνάρτηση, Κινηματική Ιδανικών Ρευστών, Κινηματική Πραγματικών Ρευστών, Ροές σε Αγωγούς, Θεωρία Οριακού Στρώματος, Παράρτημα, Βιβλιογραφία, Ευρετήριο.
700 1 _aΞένος Μιχάλης
_98834
700 1 _aΤζιρτζιλάκης Ευστράτιος
_98835
942 _cBK
999 _c8274
_d8274